000 00414nam a22001937a 4500
003 UA-OsUOA
001 39965
007 ta
008 20060707b un ||||| |||| 00| 0 ukr d
100 _aРадевич-Винницький Я.
090 _bР15
942 _cBK
040 _aUA-OsUOA
_bukr
_cUA-OsUOA
_dUA-OsUOA
245 _aЕтикет
955 _a2
041 _aukr
260 _aК.
650 7 _2UDC
999 _c326108
_d326108